Subdivisions - Autonomous Communities of Spain by Flag - Statistics

General Stats
  • This quiz has been taken 38 times
  • The average score is 14 of 19
Answer Stats
Picture Answer % Correct
Basque Country /(Euskadi)
97%
Catalonia
90%
Canary Islands /(Canarias)
81%
Galicia
81%
Andalusia
77%
Valencia
77%
Aragon
74%
Community of Madrid
74%
Asturias
71%
Ceuta
71%
Cantabria
68%
Melilla
68%
Balearic Islands /(Islas Baleares)
65%
Murcia
65%
Castilla-La Mancha
61%
Extremadura
61%
La Rioja
61%
Castile and León /(Castilla y León)
58%
Navarre /(Navarra)
58%
No matching quizzes found
Score Distribution
Percent of People with Each Score
Percentile by Number Answered
Your Score History
You have not taken this quiz